Rekonštrukcia Svätotrojičného námestia v Krupine

Saved in:
Bibliographic Details
Main Author: Chomjaková, Zuzana, 1988- (Author)
Other Authors: Kaliská, Dagmar, 1946- (Thesis advisor)
Format: Manuscript Book
Language:Slovak
Published: Bratislava : STU v Bratislave FA, 2011
Subjects:
Online Access:VAIS
Tags: Add Tag
No Tags, Be the first to tag this record!

MARC

LEADER 00000ntm a22000003a 4500
001 stu231596
005 20210525095016.8
008 110716s2011----xo------------------slo-d
040 |a STU  |b slo 
041 0 |a slo 
044 |a xo 
100 1 |a Chomjaková, Zuzana,  |d 1988-  |4 aut  |u A  |T FAD Fakulta architektúry  |X 48858  |U A  |Y 50  |7 A000048858 
242 0 0 |a Reconstruction of Svätotrojičné square in Krupina  |y eng 
245 1 |a Rekonštrukcia Svätotrojičného námestia v Krupine 
260 |a Bratislava :  |b STU v Bratislave FA,  |c 2011 
650 7 |a dlažba  |2 stusub 
650 7 |a architektúra a urbanizmus  |2 stusub 
650 7 |a Architecture and Urban Design  |2 estusub 
700 1 |a Kaliská, Dagmar,  |d 1946-  |4 ths  |u A6160  |U FAD Fakulta architektúry  |U FAD Fakulta architektúry  |T FA Ústav urbanizmu a územného plánovania  |X 421  |U A6160  |Y 397  |7 A000000421 
856 4 |a info a plný text  |u http://is.stuba.sk/zp/portal_zp.pl?podrobnosti=47493  |u https://opac.crzp.sk/?fn=detailBiblioForm&sid=75A6A01F16DA93B39DF7AA14CDB9  |3 VAIS